| 000 | 00609nam a22002057a 4500 | ||
|---|---|---|---|
| 005 | 20140424163110.0 | ||
| 010 | _aENG-109606 | ||
| 020 |
_c150.00 _a9788189941178 |
||
| 035 | _aEN-93139 | ||
| 037 | _bDBAD/PUB | ||
| 082 | _a575 | ||
| 100 | _aArumugam, N. | ||
| 245 |
_aOrganic evolution / _cby N. Arumugam |
||
| 250 | _a10th rev. ed | ||
| 260 |
_bSaras Publication _c2013 _a Nagercoil |
||
| 270 |
_b Nagercoil _e629002 _a114/35G, A. R. P. Camp Road, Periavilai, Kottar P. O., |
||
| 300 |
_axv,491p. : _c22cm(pbk) _bill. |
||
| 500 | _aIncludes index | ||
| 942 |
_2ddc _cEN _mARU _h575 |
||
| 999 |
_c83145 _d83145 |
||